000 00658nam a22002177a 4500
003 KOHA_MİRAKIL
005 20260408095746.0
008 260407b tu ||||| |||| 00| 0 tur d
020 _a97574147142
040 _aTR-AnABB
_btur
_cTR-AnABB
041 _atur
082 _a307.1409561
_bSON 1998
100 1 _aSönmez, Mustafa
245 1 0 _aBölgesel eşitsizlik /
_cMustafa Sönmez
260 _aİstanbul :
_bAlan Yayınları,
_c1998
300 _a296 sayfa ;
_c20 cm
650 0 4 _aBölgesel ve toplumsal kalkınma
650 0 4 _aBölgesel ve toplumsal kalkınma, Türkiye
900 _bCan ÇELIK
942 _2ddc
_cBK
999 _c10176
_d10176